Provinces d'Argentine - Statistiques

Statistiques générales
  • Ce quiz a été pris 67 fois
  • Le résultat moyen est 11 sur 23
Statistiques - réponses
Hint Réponse % Correct
B Buenos aires
98%
C Cordoba
78%
S Salta
63%
M Mendoza
59%
M Misiones
59%
J Jujuy
57%
S Santa fe
54%
S San juan
52%
L La pampa
50%
T Tucuman
50%
E Entre rios
46%
N Neuquen
46%
S Santa cruz
46%
T Tierra del fuego
46%
C Chaco
43%
R Rio negro
43%
C Corrientes
41%
C Chubut
37%
L La rioja
37%
S San luis
37%
F Formosa
35%
C Catamarca
33%
S Santiago del estero
26%
Aucun quiz correspondant
Distribution des résultats
% des personnes avec chaque résultat
Percentile par nombre de réponses
Votre historique - résultats
Vous n’avez pas pris ce quiz